Hélade y Roma : (Record no. 16507)

000 -CABECERA
fixed length control field 01153nam a22002657a 4500
003 - IDENTIFICADOR DEL NÚMERO DE CONTROL
control field AR-CdUCM
008 - DATOS DE LONGITUD FIJA--INFORMACIÓN GENERAL
fixed length control field 190503b ||||| |||| 00| 0 spa d
040 ## - FUENTE DE LA CATALOGACIÓN
Agencia/entidad que catalogó originalmente la obra MUNICIPALIDAD PROVINCIAL DEL CUSCO
Entidad que transcribió la catalogación BIBLIOTECA MUNICIPAL DEL CUSCO
082 ## - NÚMERO DE LA CLASIFICACIÓN DECIMAL DEWEY
No. de Clasificación 909 /
Notacion interna G64
100 ## - ENTRADA PRINCIPAL--NOMBRE DE PERSONA
Nombre Personal Goetz, Walter
245 ## - MENCIÓN DE TÍTULO
Título Hélade y Roma :
Resto del título el origen del cristianismo /
260 ## - PUBLICACIÓN, DISTRIBUCIÓN, ETC.
Lugar de publicación, distribución, etc. Madrid :
Nombre de la editorial, distribuidor, etc. Espasa - Calpe,
Fecha de publicación, distribución, etc. 1933.
300 ## - DESCRIPCIÓN FÍSICA
Nº de Páginas Extensión 737 páginas ;
Otros detalles físicos Ilustraciones,
Dimensiones 26 cm.
440 ## - MENCIÓN DE SERIE/PUNTO DE ACCESO ADICIONAL--TÍTULO
Título Historia universal ;
Número de la parte/sección de una obra 2
9 (RLIN) 35985
505 ## - NOTA DE CONTENIDO CON FORMATO
Nota de contenido formateada Contenido: t.2. Importancia histórica de la antigüedad / Walter Goetz -- Historia de Grecia / Carlos Julio Beloch -- El helinismo y Roma / Gaetano de Sanctis -- La época imperial romana / Ernesto Hohl -- El origen del cristianismo / Hans, Barón de Soden -- Tablas cronológicas.
650 ## - PUNTO DE ACCESO ADICIONAL DE MATERIA--TÉRMINO DE MATERIA
Descriptor Civilización greco-romana
9 (RLIN) 35986
650 ## - PUNTO DE ACCESO ADICIONAL DE MATERIA--TÉRMINO DE MATERIA
Descriptor Historia
9 (RLIN) 136
650 ## - PUNTO DE ACCESO ADICIONAL DE MATERIA--TÉRMINO DE MATERIA
Descriptor Iglesia Católica
9 (RLIN) 3151
650 ## - PUNTO DE ACCESO ADICIONAL DE MATERIA--TÉRMINO DE MATERIA
Descriptor Época antigua
9 (RLIN) 3152
700 ## - PUNTO DE ACCESO ADICIONAL--NOMBRE DE PERSONA
Nombre Personal Beloch, Carlos Julio
9 (RLIN) 35987
700 ## - PUNTO DE ACCESO ADICIONAL--NOMBRE DE PERSONA
Nombre Personal Sanctis, Gaetano de
9 (RLIN) 35988
700 ## - PUNTO DE ACCESO ADICIONAL--NOMBRE DE PERSONA
Nombre Personal García Morente, Manuel (traductor)
9 (RLIN) 35989
942 ## - ELEMENTOS DE PUNTO DE ACCESO ADICIONAL (KOHA)
Fuente de clasificación
Tipo de item Libros-BMC
945 ## - PROCESAMIENTO DE INFORMACIÓN LOCAL (OCLC)
Catalogador acv
AAAA-MM-DD - Fecha de ingreso o modificacion 2019-05-03
Holdings
Estado de retiro (separado) Fuente de clasificación o esquema de estanterías Estado dañado Ubicación Sala donde se ubica Nombre de la colección Fecha de adquisición o compra Costo, precio normal en soles Signatura topográfica Código de Barras Última vez visto (Koha) Tipo de ítem (Koha)
No     Sala Humanidades Sala Humanidades Book Cart 2019-05-03 50.00 909 / G64 / t.2 SH0000011455 2019-05-03 Libros-BMC

Powered by Koha